24 Heures du Mans - Constructeurs vainqueurs - Statistiques

Statistiques générales
  • Ce quiz a été pris 94 fois
  • Le résultat moyen est 16 sur 25
Statistiques - réponses
Pays Nombre de victoire Dernière victoire Constructeur % Correct
Italie 12 2025 Ferrari
100%
Allemagne 19 2017 Porsche
98%
Allemagne 13 2014 Audi
97%
France 3 2009 Peugeot
94%
Japon 5 2022 Toyota
94%
France 1 1978 Alpine-Renault
92%
États-Unis 4 1969 Ford
88%
Royaume-Uni 1 1959 Aston Martin
86%
Allemagne 1 1952 Mercedes-Benz
85%
Allemagne 1 1999 BMW
77%
Royaume-Uni 6 2003 Bentley
74%
Royaume-Uni 7 1990 Jaguar
74%
Japon 1 1991 Mazda
70%
Royaume-Uni 1 1995 McLaren
70%
France 2 1939 Bugatti
67%
Italie 4 1934 Alfa Romeo
64%
France 3 1974 Matra Simca
53%
Suisse 1 1989 Sauber Mercedes
45%
France 1 1950 Talbot-Lago
36%
France 1 1980 Rondeau
35%
France 1 1938 Delahaye
32%
France 2 1926 Lorraine-Dietrich
32%
France 1 1923 Chenard et Walcker
27%
Royaume-Uni 1 1935 Lagonda
23%
Royaume-Uni 1 1975 Mirage
23%
Aucun quiz correspondant
Distribution des résultats
% des personnes avec chaque résultat
Percentile par nombre de réponses
Votre historique - résultats
Vous n’avez pas pris ce quiz